| 000 | 00750cab a2200253 4500 | ||
|---|---|---|---|
| 001 | WB2716-13 | ||
| 008 | 090401t1991 xxu||||| |||| 00| 0 eng d | ||
| 035 | _a(Sirsi) u60704 | ||
| 041 | _aeng | ||
| 245 | _aTenants rule the property roost | ||
| 260 | _c1991 | ||
| 350 | _a0 | ||
| 490 |
_aIndependent _v22/4/91 p21 |
||
| 520 | _aAn over-supply of offices in London is only one consequence of the slump in the commercial property market . | ||
| 650 | _aAPPLIED PROPERTY RESEARCH | ||
| 650 | _aJONES LANG WOOTTON RESEARCH | ||
| 650 | _aNORTHERN PROPERTY ANALYSIS SERVICE | ||
| 650 | _aSALOMON BROTHERS | ||
| 650 | _aSPACE | ||
| 650 | _aSUPPLY AND DEMAND | ||
| 690 | _aPROPERTY-COMMERCIAL PROPERTY | ||
| 942 | _n0 | ||
| 948 | _c04/03/1997 | ||
| 999 |
_c37501 _d37501 |
||